[Event "FICGS W-ch st2 g01 email"]
[Site "FICGS email"]
[Date "2011.04.03"]
[Round "1"]
[White "Cunha, Jose Miguel Pires"]
[Black "Laghetti, Gaetano"]
[Result "0-1"]
[WhiteElo "2118"]
[BlackElo "2355"]
[PlyCount "72"]
[EventDate "2011.??.??"]
[EventType "tourn (corr)"]
[EventRounds "6"]
[SourceTitle "Corr 2013"]
[Source "ChessBase"]
[SourceDate "2012.11.12"]
[SourceVersion "1"]
[SourceVersionDate "2012.11.12"]
[SourceQuality "1"]

1. e4 c5 2. Nf3 d6 3. d4 cxd4 4. Nxd4 Nf6 5. Nc3 a6 6. Bg5 e6 7. f4 Qb6 8. Qd2 Qxb2 9. Rb1 Qa3 10. e5 dxe5 11. fxe5 Nfd7 12. Ne4 Qxa2 13. Rd1 h6 14. Bh4 Qd5 15. Qe3 Qxe5 16. Be2 Bc5 17. Bg3 Qd5 18. c4 Bxd4 19. Rxd4 Qa5+ 20. Rd2 0-0 21. Bd6 Rd8 22. 0-0 f5 23. Nc3 Nf6 24. Ra2 Qxa2 25. Nxa2 Rxd6 26. Qc5 Rd8 27. Bf3 a5 28. Qc7 Rf8 29. Nc3 a4 30. Ra1 a3 31. Qd6 Nc6 32. Rxa3 Rxa3 33. Qxa3 Bd7 34. Qd6 Ra8 35. h3 Kh7 36. Kh2 Ra5 0-1

[Event "FICGS W-ch st2 g01 email"]
[Site "FICGS email"]
[Date "2011.04.03"]
[Round "1"]
[White "Cunha, Jose Miguel Pires"]
[Black "Riha, Josef"]
[Result "0-1"]
[WhiteElo "2118"]
[BlackElo "2027"]
[PlyCount "86"]
[EventDate "2011.??.??"]
[EventType "tourn (corr)"]
[EventRounds "6"]
[SourceTitle "Corr 2013"]
[Source "ChessBase"]
[SourceDate "2012.11.12"]
[SourceVersion "1"]
[SourceVersionDate "2012.11.12"]
[SourceQuality "1"]

1. e4 c5 2. Nf3 Nc6 3. d4 cxd4 4. Nxd4 Qc7 5. Nc3 Nf6 6. Ndb5 Qd8 7. Nd5 Nxd5 8. exd5 a6 9. Nc3 Ne5 10. f4 Ng6 11. Qd4 e5 12. fxe5 Qe7 13. Bf4 Nxf4 14. Qxf4 d6 15. e6 fxe6 16. dxe6 Qxe6+ 17. Be2 Bd7 18. 0-0-0 0-0-0 19. Kb1 Qe5 20. Qc4+ Qc5 21. Qb3 Bc6 22. Bf3 Bxf3 23. gxf3 d5 24. Nxd5 Bd6 25. Rhg1 g6 26. h4 Kb8 27. h5 gxh5 28. a4 Qc6 29. Rg7 h4 30. Rd3 Be5 31. Re7 Rde8 32. Rf7 Rhf8 33. Nb4 Qc8 34. Rxh7 Rh8 35. Rf7 Rhf8 36. Rxf8 Rxf8 37. Rd5 Bc7 38. Nxa6+ Ka7 39. Nxc7 Qxc7 40. Rh5 Kb8 41. Rxh4 Qg3 42. Re4 Qxf3 43. Qxf3 Rxf3 0-1

[Event "FICGS rapid M 000039 email"]
[Site "FICGS email"]
[Date "2011.01.03"]
[Round "1"]
[White "Gazi, Miroslav"]
[Black "Cunha, Jose Miguel Pires"]
[Result "1-0"]
[WhiteElo "2289"]
[BlackElo "2100"]
[PlyCount "137"]
[EventDate "2011.??.??"]
[EventType "tourn (rapid)"]
[EventRounds "6"]
[SourceTitle "Corr 2013"]
[Source "ChessBase"]
[SourceDate "2012.11.12"]
[SourceVersion "1"]
[SourceVersionDate "2012.11.12"]
[SourceQuality "1"]

1. e4 c5 2. Nf3 d6 3. d4 cxd4 4. Nxd4 Nf6 5. Nc3 a6 6. Be3 e5 7. Nb3 Be6 8. f3 Be7 9. Qd2 0-0 10. 0-0-0 Nbd7 11. g4 b5 12. g5 Nh5 13. Kb1 Re8 14. Nd5 Bxd5 15. exd5 Qc7 16. Na5 Nb6 17. Nc6 Rac8 18. a4 Nxa4 19. Bh3 Ra8 20. b3 Nb6 21. Qa5 Nxd5 22. Qxc7 Nxc7 23. Bd7 Bf8 24. Kb2 g6 25. Bxe8 Rxe8 26. Nb4 Ng7 27. Bb6 Nce6 28. h4 Rc8 29. Ra1 Nf5 30. Rxa6 Nf4 31. Ra5 Bg7 32. c3 e4 33. fxe4 Ng3 34. Rc1 Nge2 35. Rc2 Nxc3 36. Kc1 Re8 37. Be3 Nfe2+ 38. Kd2 Ng3 39. e5 Nce4+ 40. Kd3 dxe5 41. Nd5 f5 42. Bb6 f4 43. Ra7 Bf8 44. Rc6 Rb8 45. Nf6+ Nxf6 46. gxf6 e4+ 47. Kd4 f3 48. Ke5 Nf5 49. Kxe4 Rxb6 50. Rxb6 f2 51. Ra1 Ng3+ 52. Ke5 f1Q 53. Rxf1 Nxf1 54. Rxb5 Ne3 55. Rb8 Nc2 56. h5 gxh5 57. Rc8 Ne1 58. Kf5 Nf3 59. Rc4 Kf7 60. Rc7+ Kg8 61. Rd7 Nh4+ 62. Kg5 Ng6 63. Kxh5 Nf4+ 64. Kg4 Ne6 65. Ra7 Nc5 66. b4 Ne4 67. Kf5 Nxf6 68. b5 Nd5 69. Ke5 1-0

[Event "FICGS rapid M 000039 email"]
[Site "FICGS email"]
[Date "2011.01.03"]
[Round "1"]
[White "Oortwijn, Ron A"]
[Black "Cunha, Jose Miguel Pires"]
[Result "1/2-1/2"]
[WhiteElo "2145"]
[BlackElo "2100"]
[PlyCount "104"]
[EventDate "2011.??.??"]
[EventType "tourn (rapid)"]
[EventRounds "6"]
[SourceTitle "Corr 2013"]
[Source "ChessBase"]
[SourceDate "2012.11.12"]
[SourceVersion "1"]
[SourceVersionDate "2012.11.12"]
[SourceQuality "1"]

1. c4 Nf6 2. Nc3 g6 3. g3 c6 4. d4 d5 5. Qb3 Bg7 6. Bg2 0-0 7. Nf3 Qb6 8. 0-0 Na6 9. Qxb6 axb6 10. Na4 Nb4 11. Nxb6 Ra6 12. Nxc8 Rxc8 13. a3 dxc4 14. Bd2 Nbd5 15. Rfc1 b5 16. Ne5 Rca8 17. Rab1 Bf8 18. e4 Nc7 19. b3 e6 20. Bb4 Bxb4 21. axb4 cxb3 22. Rxb3 Ra1 23. Rbc3 Nfe8 24. Nxc6 R8a3 25. Rxa1 Rxa1+ 26. Bf1 f5 27. e5 f4 28. gxf4 Nd5 29. Rc5 Nxf4 30. Rxb5 Ng7 31. Rb8+ Kf7 32. Rb7+ Kf8 33. Rb8+ Kf7 34. Nd8+ Ke7 35. Rb7+ Kxd8 36. Rxg7 g5 37. f3 h6 38. Rh7 h5 39. b5 Rb1 40. Rg7 Ne2+ 41. Kf2 Nxd4 42. Rxg5 Rb2+ 43. Kg3 Nf5+ 44. Kh3 Rf2 45. Bg2 Rb2 46. Rxh5 Rxb5 47. Kg4 Rxe5 48. Bh3 Ne3+ 49. Kh4 Rxh5+ 50. Kxh5 Ke7 51. Kg6 Nc4 52. Kg5 Nd2 1/2-1/2

[Event "FICGS class A 000077 email"]
[Site "FICGS email"]
[Date "2010.09.18"]
[Round "1"]
[White "Bernal Varela, Nelson"]
[Black "Cunha, Jose Miguel Pires"]
[Result "1/2-1/2"]
[WhiteElo "2116"]
[BlackElo "2042"]
[PlyCount "138"]
[EventDate "2010.??.??"]
[EventType "tourn (corr)"]
[EventRounds "6"]
[SourceTitle "Corr 2013"]
[Source "ChessBase"]
[SourceDate "2012.11.12"]
[SourceVersion "1"]
[SourceVersionDate "2012.11.12"]
[SourceQuality "1"]

1. e4 c5 2. Nf3 d6 3. d4 cxd4 4. Nxd4 Nf6 5. Nc3 a6 6. Bg5 e6 7. f4 Qb6 8. Nb3 Nbd7 9. Qf3 Be7 10. Be2 Qc7 11. a4 h6 12. Bh4 b6 13. 0-0 0-0 14. Rad1 Bb7 15. f5 Ne5 16. Qg3 exf5 17. Bxf6 Bxf6 18. Rxf5 Qe7 19. Nd4 Bh4 20. Qe3 Bg5 21. Qg3 g6 22. Rff1 Rfe8 23. Kh1 Bh4 24. Qh3 Bc8 25. Qe3 Bg5 26. Qf2 Bb7 27. h3 Rf8 28. Nd5 Bxd5 29. exd5 Nd7 30. b3 Qe3 31. Qxe3 Bxe3 32. Nc6 Rfe8 33. g3 Nc5 34. Kg2 h5 35. Bf3 Kg7 36. a5 b5 37. h4 Bh6 38. Rfe1 Kf8 39. g4 hxg4 40. Bxg4 f5 41. Bf3 Be3 42. Rh1 Kg7 43. h5 g5 44. h6+ Kh7 45. Rde1 Bd2 46. Re7+ Rxe7 47. Nxe7 Rf8 48. Bh5 Kxh6 49. Bg4+ Kg7 50. Nxf5+ Kf6 51. Rh6+ Ke5 52. Ne7 Re8 53. b4 Rxe7 54. bxc5 dxc5 55. d6 Rf7 56. d7 Bxa5 57. Rxa6 Bd8 58. Rc6 Kf4 59. Be6 Rf6 60. Rc8 Ba5 61. Re8 c4 62. Kh3 g4+ 63. Kg2 c3 64. Re7 b4 65. Rf7 Rxf7 66. Bxf7 Bc7 67. Kf2 Kf5 68. Bg8 Kf6 69. Bh7 g3+ 1/2-1/2

[Event "FICGS class A 000077 email"]
[Site "FICGS email"]
[Date "2010.09.18"]
[Round "1"]
[White "Cunha, Jose Miguel Pires"]
[Black "Comes Dumoulin, Ruben Marcelo"]
[Result "1/2-1/2"]
[WhiteElo "2042"]
[BlackElo "2109"]
[PlyCount "76"]
[EventDate "2010.??.??"]
[EventType "tourn (corr)"]
[EventRounds "6"]
[SourceTitle "Corr 2013"]
[Source "ChessBase"]
[SourceDate "2012.11.12"]
[SourceVersion "1"]
[SourceVersionDate "2012.11.12"]
[SourceQuality "1"]

1. e4 c5 2. Nf3 d6 3. d4 cxd4 4. Nxd4 Nf6 5. Nc3 a6 6. Bg5 e6 7. f4 Qb6 8. Qd2 Qxb2 9. Rb1 Qa3 10. e5 h6 11. Bh4 dxe5 12. fxe5 g5 13. exf6 gxh4 14. Be2 Qa5 15. 0-0 Nd7 16. Kh1 Qg5 17. Rf4 e5 18. Nd5 exd4 19. Qxd4 Bc5 20. Qe4+ Kd8 21. Rf5 Re8 22. Qxe8+ Kxe8 23. Rxg5 hxg5 24. Nc7+ Kd8 25. Nxa8 Nxf6 26. Bf3 b5 27. Rd1+ Ke7 28. h3 Bd7 29. Nc7 Bd6 30. Na8 Bc5 31. Nc7 Bd6 32. Re1+ Kd8 33. Na8 g4 34. hxg4 Nxg4 35. Nb6 Be6 36. Nd5 Kc8 37. Bxg4 Bxg4 38. c4 Kb7 1/2-1/2

[Event "FICGS class A 000077 email"]
[Site "FICGS email"]
[Date "2010.09.18"]
[Round "1"]
[White "Cunha, Jose Miguel Pires"]
[Black "Guex, Pascal"]
[Result "1-0"]
[WhiteElo "2042"]
[BlackElo "2168"]
[PlyCount "59"]
[EventDate "2010.??.??"]
[EventType "tourn (corr)"]
[EventRounds "6"]
[SourceTitle "Corr 2013"]
[Source "ChessBase"]
[SourceDate "2012.11.12"]
[SourceVersion "1"]
[SourceVersionDate "2012.11.12"]
[SourceQuality "1"]

1. e4 e5 2. Bb5 c6 3. Ba4 Nf6 4. Qe2 Bc5 5. Nf3 0-0 6. 0-0 d6 7. d3 Nbd7 8. Bb3 Bb6 9. Be3 Nc5 10. Nbd2 a5 11. c3 Nxb3 12. Bxb6 Qxb6 13. axb3 Be6 14. Ra3 Qc7 15. Rfa1 Nh5 16. b4 b6 17. g3 Nf6 18. d4 Rfb8 19. dxe5 dxe5 20. Nc4 Bxc4 21. Qxc4 h6 22. bxa5 bxa5 23. b4 Rb5 24. Kg2 Ne8 25. Rxa5 Raxa5 26. Rxa5 Rxa5 27. bxa5 Qxa5 28. Qxc6 Nf6 29. c4 Qc3 30. Qc8+ 1-0

[Event "FICGS class A 000077 email"]
[Site "FICGS email"]
[Date "2010.09.18"]
[Round "1"]
[White "Cunha, Jose Miguel Pires"]
[Black "James, Angus S"]
[Result "1-0"]
[WhiteElo "2042"]
[BlackElo "2000"]
[PlyCount "85"]
[EventDate "2010.??.??"]
[EventType "tourn (corr)"]
[EventRounds "6"]
[SourceTitle "Corr 2013"]
[Source "ChessBase"]
[SourceDate "2012.11.12"]
[SourceVersion "1"]
[SourceVersionDate "2012.11.12"]
[SourceQuality "1"]

1. e4 c5 2. Nf3 d6 3. d4 cxd4 4. Nxd4 Nf6 5. Nc3 a6 6. Bg5 Nbd7 7. f4 Qc7 8. Qe2 e6 9. 0-0-0 b5 10. a3 Bb7 11. g4 Be7 12. Kb1 h6 13. Bh4 Rc8 14. Rg1 Qb8 15. Bg2 Rxc3 16. bxc3 Nb6 17. Qd3 Nc4 18. e5 dxe5 19. Bxf6 gxf6 20. Nxe6 fxe6 21. g5 hxg5 22. fxg5 f5 23. Qd7+ Kf7 24. g6+ Kf6 25. Bxb7 Rg8 26. g7 Qa7 27. h4 Qc5 28. h5 Nxa3+ 29. Ka2 Qc4+ 30. Kb2 b4 31. Rg6+ Kf7 32. Qxe6+ Qxe6 33. Rxe6 Kxe6 34. Bd5+ Kf6 35. Bxg8 Kxg7 36. Rd7 Kxg8 37. Rxe7 Nc4+ 38. Kb3 Nd2+ 39. Kxb4 a5+ 40. Kb5 e4 41. Kc5 f4 42. Kd4 a4 43. Ra7 1-0

[Event "FICGS class A 000077 email"]
[Site "FICGS email"]
[Date "2010.09.18"]
[Round "1"]
[White "Markus, Roland"]
[Black "Cunha, Jose Miguel Pires"]
[Result "1/2-1/2"]
[WhiteElo "2072"]
[BlackElo "2042"]
[PlyCount "113"]
[EventDate "2010.??.??"]
[EventType "tourn (corr)"]
[EventRounds "6"]
[SourceTitle "Corr 2013"]
[Source "ChessBase"]
[SourceDate "2012.11.12"]
[SourceVersion "1"]
[SourceVersionDate "2012.11.12"]
[SourceQuality "1"]

1. e4 c5 2. c3 e6 3. Nf3 a6 4. d4 d5 5. exd5 exd5 6. Bd3 c4 7. Qe2+ Qe7 8. Bc2 Qxe2+ 9. Kxe2 Nc6 10. Bf4 Nf6 11. Re1 Be7 12. Kf1 Be6 13. Nbd2 0-0 14. h3 Rad8 15. Rad1 Rfe8 16. Ne5 Nxe5 17. dxe5 Nd7 18. Kg1 g6 19. Nf3 Nc5 20. Be3 b5 21. Nd4 Bf8 22. Re2 Bd7 23. f4 a5 24. Nf3 Bc6 25. Nh2 b4 26. Ng4 Nd7 27. Bf2 Rb8 28. Ne3 Nb6 29. Kf1 Rb7 30. h4 b3 31. axb3 cxb3 32. Bd3 a4 33. Ng4 Nd7 34. Bd4 h5 35. Nf6+ Nxf6 36. exf6 Ra8 37. f5 Bb5 38. Bxb5 Rxb5 39. Re5 a3 40. bxa3 Bxa3 41. fxg6 fxg6 42. Rb1 b2 43. Re2 Kf7 44. Ke1 Re8 45. Rxe8 Kxe8 46. Kd2 Kf7 47. Kc2 Bd6 48. Bf2 Kxf6 49. Rxb2 Rxb2+ 50. Kxb2 Kf5 51. Kc2 Kg4 52. Kd3 Bc7 53. Be1 Be5 54. Ke3 Bf6 55. Kd3 Bg7 56. Ke3 Bf6 57. Kd3 1/2-1/2

[Event "FICGS W-ch st1 g17 email"]
[Site "FICGS email"]
[Date "2010.07.02"]
[Round "1"]
[White "Nizar, Muhammad"]
[Black "Cunha, Jose Miguel Pires"]
[Result "0-1"]
[WhiteElo "1563"]
[BlackElo "2042"]
[PlyCount "48"]
[EventDate "2010.??.??"]
[EventType "tourn (corr)"]
[EventRounds "6"]
[SourceTitle "Corr 2013"]
[Source "ChessBase"]
[SourceDate "2012.11.12"]
[SourceVersion "1"]
[SourceVersionDate "2012.11.12"]
[SourceQuality "1"]

1. d4 d5 2. c4 c6 3. Nc3 Nf6 4. Nf3 e6 5. e3 Nbd7 6. Bd3 dxc4 7. Bxc4 b5 8. Bd3 a6 9. e4 c5 10. d5 c4 11. Bc2 Qc7 12. 0-0 Bb7 13. dxe6 fxe6 14. Qe2 Bd6 15. Nd4 Bxh2+ 16. Kh1 Nc5 17. f4 e5 18. Ndxb5 axb5 19. Kxh2 0-0 20. Nxb5 Qe7 21. Qxc4+ Kh8 22. Qe2 Bxe4 23. Bxe4 Nfxe4 24. Qh5 Nb3 0-1

[Event "FICGS class A 000071 email"]
[Site "FICGS email"]
[Date "2010.05.15"]
[Round "1"]
[White "Dorin, Iacob"]
[Black "Cunha, Jose Miguel Pires"]
[Result "1/2-1/2"]
[WhiteElo "2098"]
[BlackElo "2000"]
[PlyCount "46"]
[EventDate "2010.??.??"]
[EventType "tourn (corr)"]
[EventRounds "6"]
[SourceTitle "Corr 2013"]
[Source "ChessBase"]
[SourceDate "2012.11.12"]
[SourceVersion "1"]
[SourceVersionDate "2012.11.12"]
[SourceQuality "1"]

1. Nf3 c5 2. c4 Nf6 3. Nc3 g6 4. d4 cxd4 5. Nxd4 Bg7 6. e4 d6 7. Be2 0-0 8. 0-0 Nc6 9. Be3 Bd7 10. Qd2 Nxd4 11. Bxd4 Bc6 12. f3 Nd7 13. Be3 a5 14. b3 Nc5 15. Rac1 Rc8 16. Rfd1 b6 17. Nd5 Re8 18. Bg5 Be5 19. Bh4 Bg7 20. Rb1 Rb8 21. Qe3 Qd7 22. Rd2 Qb7 23. Rbd1 Rbc8 1/2-1/2

[Event "FICGS class A 000069 email"]
[Site "FICGS email"]
[Date "2010.04.07"]
[Round "1"]
[White "Fric, Lubos"]
[Black "Cunha, Jose Miguel Pires"]
[Result "1-0"]
[WhiteElo "2076"]
[BlackElo "2000"]
[PlyCount "69"]
[EventDate "2010.??.??"]
[EventType "tourn (corr)"]
[EventRounds "6"]
[SourceTitle "Corr 2013"]
[Source "ChessBase"]
[SourceDate "2012.11.12"]
[SourceVersion "1"]
[SourceVersionDate "2012.11.12"]
[SourceQuality "1"]

1. d4 Nf6 2. c4 c6 3. Nf3 d5 4. e3 e6 5. Bd3 Nbd7 6. Nc3 dxc4 7. Bxc4 b5 8. Bd3 a6 9. e4 Bb7 10. e5 Nd5 11. Nxd5 cxd5 12. 0-0 Be7 13. a4 0-0 14. axb5 axb5 15. Rxa8 Qxa8 16. Ng5 Bxg5 17. Bxg5 Qa4 18. Qh5 g6 19. Qh4 Rc8 20. Be7 Ba6 21. h3 Bb7 22. b3 Qa7 23. Bxb5 Bc6 24. Qh6 f5 25. Rc1 Qb7 26. Rxc6 Rxc6 27. Bxc6 Qxc6 28. Bf6 Nxf6 29. exf6 Qd7 30. b4 Qf7 31. Qg7+ Qxg7 32. fxg7 Kxg7 33. b5 e5 34. dxe5 Kf7 35. b6 1-0